00855cam a2200229 a 45000010009000000050017000090080041000260100017000670200038000840200025001220400018001470420008001650500022001730820017001951000038002122450190002502600044004403000037004845040066005216500018005876500020006051631451420250318111656.0100702s2011 enkk b 001 0 eng  a 2010028106 a9780415601405 (hbk. : alk. paper) a9780203834039 (ebk.) aDLCcDLCdDLC apcc00aK1168b.M374 201100a343.096bMAR1 aMartínez Gutiérrez, Norman A.10aLimitation of liability in international maritime conventions :bthe relationship between global limitation conventions and particular liability regimes /cNorman A. Martinez Gutierrez. aLondon ;aNew York :bRoutledge,c2011. alxxix, 412 p. :bforms ;c24 cm. aIncludes bibliographical references (p. [401]-408) and index. 0aMaritime law. 0aLiability (Law)